书目信息 |
| 题名: |
有机化学实习指导
|
|
| 作者: | 莫斯科第二医院有机化学教研组 Е·Ф·波鲁莲娜 М·Г·秦佐娃 Е·В·雅沃尔斯卡娅 著 ;中国医科大学化学教研组 译 | |
| 分册: | ||
| 出版信息: | 北京 人民卫生出版社 1955 |
|
| 页数: | 82页 | |
| 开本: | 21cm | |
| 丛书名: | ||
| 单 册: | ||
| 中图分类: | O62-33 | |
| 科图分类: | ||
| 主题词: | 有机化学 | |
| 电子资源: | ||
| ISBN: | ||
| 000 | 01132nam0 2200241 450 | |
| 001 | 0652734124 | |
| 005 | 20060816144813.29 | |
| 010 | @dCNY0.41 | |
| 091 | @a1752 | |
| 100 | @a20060816d1955 km y0chiy0120 ea | |
| 101 | 0 | @achi@crus |
| 102 | @aCN@b110000 | |
| 102 | @aCN@b110000 | |
| 200 | 1 | @a有机化学实习指导@Ayou ji hua xue shi xi zhi dao@f莫斯科第二医院有机化学教研组 Е·Ф·波鲁莲娜 М·Г·秦佐娃 Е·В·雅沃尔斯卡娅著@Fmo si ke di er yi yuan you ji hua xue jiao yan zuЕ·Ф·bo lu lian naМ·Г·qin zuo waЕ·В·ya wo er si ka ya zhu@g中国医科大学化学教研组译@Gzhong guo yi ke da xue hua xue jiao yan zu yi |
| 210 | @a北京@c人民卫生出版社@d1955 | |
| 215 | @a82页@d21cm | |
| 300 | @a苏联高等医学院校教学用书 | |
| 606 | 0 | @a有机化学 |
| 690 | @aO62-33@v3 | |
| 701 | 0 | @a莫斯科第二医院有机化学教研组 Е·Ф·波鲁莲娜 М·Г·秦佐娃 Е·В·雅沃尔斯卡娅@Amo si ke di er yi yuan you ji hua xue jiao yan zuЕ·Ф·bo lu lian naМ·Г·qin zuo waЕ·В·ya wo er si ka ya@4著 |
| 712 | 0 | @a中国医科大学化学教研组@Azhong guo yi ke da xue hua xue jiao yan zu@4译 |
| 801 | 0 | @aCN@bPFT@c20060816 |
| 905 | @a10447@dO62-33@e129 | |
| 有机化学实习指导/莫斯科第二医院有机化学教研组 Е·Ф·波鲁莲娜 М·Г·秦佐娃 Е·В·雅沃尔斯卡娅著/中国医科大学化学教研组译.-北京:人民卫生出版社,1955 |
| 82页;21cm |
| 苏联高等医学院校教学用书 |
| ISBN :CNY0.41 |
| ● |
| 相关链接 |
|
|
|
|
正题名:有机化学实习指导
索取号:O62-33/129
 
预约/预借
| 序号 | 登录号 | 条形码 | 馆藏地/架位号 | 状态 | 备注 |
| 1 | 0461913 | 204619136 | 密集书库/ [索取号:O62-33/129] | 在馆 | |
| 2 | 0461914 | 204619145 | 密集书库/ [索取号:O62-33/129] | 在馆 |